|
|
|
|
| LEADER |
02249cam a2200577 a 4500 |
| 001 |
nkc20112164222 |
| 003 |
CZ PrNK |
| 005 |
20110415155358.0 |
| 007 |
ta |
| 008 |
110117s2010 xr ac e 000 0 cze d |
| 015 |
|
|
|a cnb002164222
|
| 020 |
|
|
|a 978-80-210-5360-1
|q (brož.)
|
| 035 |
|
|
|a (OCoLC)724296499
|
| 040 |
|
|
|a KLG001
|b cze
|d BOA001
|d OLA001
|
| 041 |
1 |
|
|a cze
|a eng
|h cze
|
| 043 |
|
|
|a e-xr---
|b e-xr-jm
|2 czenas
|
| 072 |
|
7 |
|a 5
|x Přírodní vědy. Matematické vědy
|2 Konspekt
|9 6
|
| 080 |
|
|
|a 378.4
|2 MRF
|
| 080 |
|
|
|a 378-057.8
|2 MRF
|
| 080 |
|
|
|a 5-051
|2 MRF
|
| 080 |
|
|
|a (437.322)
|2 MRF
|
| 080 |
|
|
|a (047.53)
|2 MRF
|
| 245 |
0 |
0 |
|a Rozhovory s mladými vědci =
|b Conversations with young scientists /
|c [editoři Zuzana Došlá, Petra Polčáková, Petr Bureš]
|
| 246 |
3 |
1 |
|a Conversations with young scientists
|
| 250 |
|
|
|a 1. vyd.
|
| 260 |
|
|
|a Brno :
|b Masarykova univerzita,
|c 2010
|
| 300 |
|
|
|a 111 s. :
|b barev. il., portréty ;
|c 30 cm
|
| 500 |
|
|
|a Nad názvem: Masarykova univerzita, Přírodovědecká fakulta
|
| 500 |
|
|
|a 2000 výt.
|
| 546 |
|
|
|a Souběžný anglický text
|
| 650 |
0 |
7 |
|a univerzity
|7 ph126937
|z Česko
|2 czenas
|
| 650 |
0 |
7 |
|a absolventi vysokých škol
|7 ph118242
|z Česko
|2 czenas
|
| 650 |
0 |
7 |
|a přírodovědci
|7 ph137317
|z Česko
|2 czenas
|
| 650 |
0 |
9 |
|a universities
|z Czechia
|2 eczenas
|
| 650 |
0 |
9 |
|a college graduates
|z Czechia
|2 eczenas
|
| 650 |
0 |
9 |
|a naturalists
|z Czechia
|2 eczenas
|
| 655 |
|
7 |
|a rozhovory
|7 fd133303
|2 czenas
|
| 655 |
|
9 |
|a interviews
|2 eczenas
|
| 610 |
2 |
7 |
|a Masarykova univerzita.
|b Přírodovědecká fakulta
|7 kn20010709281
|2 czenas
|
| 651 |
|
7 |
|a Brno (Česko)
|7 ge134084
|2 czenas
|
| 651 |
|
9 |
|a Brno (Czechia)
|2 eczenas
|
| 700 |
1 |
|
|a Došlá, Zuzana,
|d 1956-
|7 xx0010526
|4 edt
|
| 700 |
1 |
|
|a Polčáková, Petra
|7 xx0132169
|4 edt
|
| 700 |
1 |
|
|a Bureš, Petr,
|d 1963-
|7 ola2003204796
|4 edt
|
| 710 |
2 |
|
|a Masarykova univerzita.
|b Přírodovědecká fakulta
|7 kn20010709281
|
| 910 |
2 |
|
|a BOA001
|b 4-1261.967
|
| 990 |
|
|
|a BK
|
| 995 |
|
|
|a 01
|
| 991 |
|
|
|b 201104
|c NOV
|e n
|
| 996 |
6 |
|
|b 2610472166
|c 4-1261.967
|l MZK
|r Sklad / do 1 hodiny
|n 0
|p p.v.
|w 001171627
|u 000010
|a 1
|e BOA001
|j MZK50
|s P
|
| 996 |
7 |
|
|b 2610472167
|c 4-1261.967
|l MZK
|r Sklad / do 1 hodiny
|n 1
|p p.v.
|w 001171627
|u 000020
|a 1
|e BOA001
|j MZK50
|s A
|